Mort subite 15 communes les plus densément peuplées de France - Statistiques

Statistiques générales
  • Ce quiz a été pris 91 fois
  • Le résultat moyen est 3 sur 15
Answers on the Grid
Answers color-coded by a green-red scale on the quiz's grid according to % correct below.
La Madeleine
Le Cannet
Villeurbanne
Lille
Bordeaux
Annemasse
Échirolles
Le Bouscat
Lyon
Périgueux
Croix
Tourcoing
Rennes
Rouen
Grenoble
Cenon
Nice
Vichy
Mons-en-Baroeul
Troyes
Le Petit Quevilly
Orléans
Roubaix
Caen
Oullins
Lambersart
Nancy
Talence
Nantes
Boulogne sur Mer
 
Statistiques - réponses
Réponse % Correct
3 Grenoble
67%
13 Boulogne sur Mer
33%
8 Lille
33%
1 Lyon
33%
7 Nancy
33%
6 Roubaix
33%
15 Rouen
33%
9 Tourcoing
33%
2 Villeurbanne
33%
11 Annemasse
0%
5 La Madeleine
0%
12 Le Cannet
0%
14 Le Petit Quevilly
0%
4 Mons-en-Baroeul
0%
10 Oullins
0%
Aucun quiz correspondant
Distribution des résultats
% des personnes avec chaque résultat
Percentile par nombre de réponses
Votre historique - résultats
Vous n’avez pas pris ce quiz